[Event "EYCC Open-U16 2019"]
[Site "Bratislava"]
[Date "2019.08.07"]
[Round "6.14"]
[White "Stefansson, Vignir Vatnar"]
[Black "Vorisek, Jakub"]
[Result "1-0"]
[WhiteElo "2293"]
[BlackElo "2071"]
[Annotator "NA"]
[PlyCount "147"]
[EventDate "2019.08.02"]
[EventType "swiss"]
[EventCountry "SVK"]
[SourceTitle "playchess.com"]
[Source "ChessBase"]
[SourceQuality "1"]
[TimeControl "40/5400+30:1800+30"]

1. d4 {[%emt 0:00:00]} d5 {[%emt 0:00:00]} 2. c4 {[%emt 0:00:00]} e6 {[%emt 0:00:24]} 3. Nf3 {[%emt 0:01:12]} c5 {[%emt 0:00:49]} 4. e3 {[%emt 0:00:35]} Nf6 {[%emt 0:00:50]} 5. a3 {[%emt 0:00:08]} a6 {[%emt 0:04:25]} 6. dxc5 {[%emt 0:00:39]} Bxc5 {[%emt 0:00:37]} 7. b4 {[%emt 0:00:04]} Bd6 {[%emt 0:02:07]} 8. Bb2 {[%emt 0:03:38]} O-O {[%emt 0:06:06]} 9. Nbd2 {[%emt 0:00:09]} Nc6 {[%emt 0:05:11]} 10. Be2 {[%emt 0:05:50]} Bc7 {[%emt 0:11:21]} 11. Rc1 {[%emt 0:03:18]} dxc4 {[%emt 0:20:24]} 12. Nxc4 {[%emt 0:01:28]} b5 {[%emt 0:08:46]} 13. Qxd8 {[%emt 0:03:00]} Rxd8 {[%emt 0:05:19]} 14. Ncd2 {[%emt 0:13:15]} Bd7 {[%emt 0:11:22]} 15. Bxf6 {[%emt 0:01:51]} gxf6 {[%emt 0:00:07]} 16. Ne4 {[%emt 0:00:47]} Kg7 {[%emt 0:03:32]} 17. Nc5 {[%emt 0:12:12]} Be8 {[%emt 0:00:24]} 18. Nd2 {[%emt 0:04:24]} a5 {[%emt 0:01:04]} 19. Bxb5 {[%emt 0:03:33]} axb4 {[%emt 0:00:09]} 20. Ncb3 {[%emt 0:06:21]} Ne5 {[%emt 0:02:19]} 21. Bxe8 {[%emt 0:00:16]} Nd3+ {[%emt 0:00:36]} 22. Ke2 {[%emt 0:00:05]} Nxc1+ {[%emt 0:01:06]} 23. Rxc1 {[%emt 0:00:01]} Rxe8 {[%emt 0:00:12]} 24. Rxc7 {[%emt 0:00:04]} bxa3 {[%emt 0:00:12]} 25. Rc1 {[%emt 0:00:10]} Rec8 {[%emt 0:05:07]} 26. Ra1 {[%emt 0:03:38]} Rc2 {[%emt 0:01:57]} 27. Nd4 {[%emt 0:05:04]} Rb2 {[%emt 0:01:45]} 28. Kd1 {[%emt 0:01:15]} e5 {[%emt 0:02:33]} 29. Nc2 {[%emt 0:01:25]} a2 {[%emt 0:01:30]} 30. Kc1 {[%emt 0:01:15]} Rab8 {[%emt 0:01:13]} 31. e4 {[%emt 0:04:41]} Kg6 {[%emt 0:01:16]} 32. Ne3 {[%emt 0:01:07]} h5 {[%emt 0:01:19]} 33. Nec4 {[%emt 0:01:13]} R2b4 {[%emt 0:00:18]} 34. Rxa2 {[%emt 0:00:16]} Rc8 {[%emt 0:00:42]} 35. Rc2 {[%emt 0:00:05]} Rc5 {[%emt 0:00:49]} 36. Ne3 {[%emt 0:00:57]} Rxc2+ {[%emt 0:01:01]} 37. Kxc2 {[%emt 0:00:03]} Ra4 {[%emt 0:00:19]} 38. h4 {[%emt 0:00:40]} Ra2+ {[%emt 0:00:29]} 39. Kd3 {[%emt 0:00:06]} Ra4 {[%emt 0:00:20]} 40. Nf5 {[%emt 0:00:00]} Ra3+ {[%emt 0:00:00]} 41. Ke2 {[%emt 0:00:29]} Ra2 {[%emt 0:00:36]} 42. g3 {[%emt 0:00:55]} Rb2 {[%emt 0:00:21]} 43. Ke3 {[%emt 0:00:06]} Rc2 {[%emt 0:01:31]} 44. Ne7+ {[%emt 0:00:06]} Kg7 {[%emt 0:00:24]} 45. f3 {[%emt 0:00:13]} Rc3+ {[%emt 0:00:38]} 46. Ke2 {[%emt 0:00:06]} Ra3 {[%emt 0:00:19]} 47. Nc4 {[%emt 0:00:43]} Ra2+ {[%emt 0:03:00]} 48. Ke3 {[%emt 0:00:06]} Ra4 {[%emt 0:00:52]} 49. Kd3 {[%emt 0:00:49]} Ra2 {[%emt 0:00:19]} 50. g4 {[%emt 0:02:40]} Rh2 {[%emt 0:08:50]} 51. Nd6 {[%emt 0:01:27]} hxg4 {[%emt 0:01:19]} 52. fxg4 {[%emt 0:00:27]} Rg2 {[%emt 0:00:46]} 53. Nef5+ {[%emt 0:00:11]} Kg6 {[%emt 0:02:43]} 54. h5+ {[%emt 0:00:42]} Kh7 {[%emt 0:00:27]} 55. Ne8 {[%emt 0:00:34]} Kh8 {[%emt 0:00:19]} 56. Ne3 {[%emt 0:01:01]} Rf2 {[%emt 0:02:17]} 57. Nd6 {[%emt 0:00:07]} Kg7 {[%emt 0:01:04]} 58. Ndf5+ {[%emt 0:00:09]} Kh8 {[%emt 0:00:32]} 59. Kc4 {[%emt 0:00:39]} Rd2 {[%emt 0:00:34]} 60. Kc5 {[%emt 0:01:37]} Kg8 {[%emt 0:01:33]} 61. Nd5 {[%emt 0:00:39]} Kh8 {[%emt 0:00:15]} 62. Kd6 {[%emt 0:00:18]} Re2 {[%emt 0:00:09]} 63. Nxf6 {[%emt 0:00:39]} Rd2+ {[%emt 0:01:29]} 64. Kxe5 {[%emt 0:00:48]} Ra2 {[%emt 0:00:41]} 65. Nd5 {[%emt 0:00:11]} Re2 {[%emt 0:00:14]} 66. g5 {[%emt 0:00:24]} Rg2 {[%emt 0:00:12]} 67. Kf6 {[%emt 0:00:08]} Rh2 {[%emt 0:00:48]} 68. h6 {[%emt 0:00:24]} Re2 {[%emt 0:00:33]} 69. e5 {[%emt 0:00:31]} Rg2 {[%emt 0:00:12]} 70. Nde3 {[%emt 0:00:16]} Rg1 {[%emt 0:00:15]} 71. Nd6 {[%emt 0:00:08]} Rg3 {[%emt 0:00:44]} 72. Nxf7+ {[%emt 0:00:08]} Kg8 {[%emt 0:01:01]} 73. g6 {[%emt 0:00:12]} Rf3+ {[%emt 0:00:16]} 74. Nf5 {[%emt 0:00:08]} 1-0

[Event "EYCC Open-U16 2019"]
[Site "Bratislava"]
[Date "2019.08.07"]
[Round "6.15"]
[White "Briem, Stephan"]
[Black "Olsen, Filip Boe"]
[Result "1/2-1/2"]
[WhiteElo "2223"]
[BlackElo "2383"]
[Annotator "NA"]
[PlyCount "81"]
[EventDate "2019.08.02"]
[EventType "swiss"]
[EventCountry "SVK"]
[SourceTitle "playchess.com"]
[Source "ChessBase"]
[SourceQuality "1"]
[TimeControl "40/5400+30:1800+30"]

1. d4 {[%emt 0:00:00]} Nf6 {[%emt 0:00:00]} 2. c4 {[%emt 0:00:00]} g6 {[%emt 0:00:00]} 3. Nf3 {[%emt 0:00:56]} Bg7 {[%emt 0:00:08]} 4. e3 {[%emt 0:00:56]} O-O {[%emt 0:00:50]} 5. Be2 {[%emt 0:00:24]} d5 {[%emt 0:01:53]} 6. cxd5 {[%emt 0:00:35]} Nxd5 {[%emt 0:00:28]} 7. e4 {[%emt 0:00:50]} Nb6 {[%emt 0:01:18]} 8. O-O {[%emt 0:00:52]} Bg4 {[%emt 0:03:24]} 9. Nbd2 {[%emt 0:00:32]} c5 {[%emt 0:22:30]} 10. dxc5 {[%emt 0:09:28]} N6d7 {[%emt 0:01:17]} 11. Nb3 {[%emt 0:14:37]} a5 {[%emt 0:03:32]} 12. a4 {[%emt 0:09:26]} Na6 {[%emt 0:05:00]} 13. Nfd4 {[%emt 0:08:42]} Bxe2 {[%emt 0:00:53]} 14. Qxe2 {[%emt 0:00:51]} Ndxc5 {[%emt 0:01:19]} 15. Rd1 {[%emt 0:04:16]} Nxb3 {[%emt 0:07:20]} 16. Nxb3 {[%emt 0:00:48]} Qb6 {[%emt 0:00:21]} 17. Qb5 {[%emt 0:08:12]} Qxb5 {[%emt 0:06:32]} 18. axb5 {[%emt 0:00:14]} Nb4 {[%emt 0:02:27]} 19. Rxa5 {[%emt 0:06:31]} Rad8 {[%emt 0:00:58]} 20. Rxd8 {[%emt 0:01:39]} Rxd8 {[%emt 0:00:02]} 21. Kf1 {[%emt 0:00:47]} Nd3 {[%emt 0:04:34]} 22. Be3 {[%emt 0:03:17]} Nxb2 {[%emt 0:06:31]} 23. Ra7 {[%emt 0:01:28]} Nc4 {[%emt 0:01:47]} 24. Rxb7 {[%emt 0:01:19]} Nd6 {[%emt 0:00:27]} 25. Rb6 {[%emt 0:09:13]} Nxe4 {[%emt 0:01:01]} 26. Rc6 {[%emt 0:00:35]} Nc3 {[%emt 0:00:45]} 27. Bd4 {[%emt 0:08:15]} Nxb5 {[%emt 0:00:47]} 28. Bxg7 {[%emt 0:00:07]} Kxg7 {[%emt 0:00:05]} 29. g3 {[%emt 0:00:32]} g5 {[%emt 0:01:36]} 30. Rc5 {[%emt 0:01:04]} Rd1+ {[%emt 0:01:20]} 31. Kg2 {[%emt 0:02:20]} Nd6 {[%emt 0:00:39]} 32. Rxg5+ {[%emt 0:00:35]} Kf6 {[%emt 0:00:46]} 33. Ra5 {[%emt 0:03:06]} Rb1 {[%emt 0:01:04]} 34. Nc5 {[%emt 0:01:14]} Rb2 {[%emt 0:00:30]} 35. Ra6 {[%emt 0:01:57]} Kg7 {[%emt 0:00:17]} 36. Ra4 {[%emt 0:00:50]} Rc2 {[%emt 0:01:16]} 37. Ne4 {[%emt 0:00:32]} Nxe4 {[%emt 0:00:26]} 38. Rxe4 {[%emt 0:00:07]} e6 {[%emt 0:00:05]} 39. Ra4 {[%emt 0:00:36]} Rb2 {[%emt 0:00:06]} 40. h4 {[%emt 0:00:00]} Rc2 {[%emt 0:00:00]} 41. Rb4 {[%emt 0:00:22]} 1/2-1/2

[Event "EYCC Open-U16 2019"]
[Site "Bratislava"]
[Date "2019.08.07"]
[Round "6.16"]
[White "Kochavi, Ori"]
[Black "Svane, Frederik"]
[Result "0-1"]
[WhiteElo "2153"]
[BlackElo "2334"]
[Annotator "ChessBase"]
[PlyCount "320"]
[EventDate "2019.08.02"]
[EventType "swiss"]
[EventCountry "SVK"]
[SourceTitle "playchess.com"]
[Source "ChessBase"]
[SourceQuality "1"]
[TimeControl "40/5400+30:1800+30"]

1. e4 {[%emt 0:00:00]} c5 {[%emt 0:00:00]} 2. Nf3 {[%emt 0:00:00]} d6 {[%emt 0:00:00]} 3. c3 {[%emt 0:06:20]} Nf6 {[%emt 0:01:26]} 4. h3 {[%emt 0:00:03]} Nc6 {[%emt 0:03:44]} 5. Bd3 {[%emt 0:00:12]} g6 {[%emt 0:11:00]} 6. O-O {[%emt 0:00:16]} Bg7 {[%emt 0:00:05]} 7. Bc2 {[%emt 0:00:09]} O-O {[%emt 0:02:16]} 8. d4 {[%emt 0:00:39]} cxd4 {[%emt 0:10:47]} 9. cxd4 {[%emt 0:00:20]} d5 {[%emt 0:00:15]} 10. e5 {[%emt 0:00:03]} Ne4 {[%emt 0:00:15]} 11. Nc3 {[%emt 0:00:07]} Bf5 {[%emt 0:04:35]} 12. Re1 {[%emt 0:03:02]} Nxc3 {[%emt 0:05:26]} 13. bxc3 {[%emt 0:00:02]} Bxc2 {[%emt 0:00:16]} 14. Qxc2 {[%emt 0:00:07]} Rc8 {[%emt 0:00:40]} 15. Bg5 {[%emt 0:15:49]} Qd7 {[%emt 0:05:52]} 16. e6 {[%emt 0:11:07]} fxe6 {[%emt 0:01:00]} 17. Qd2 {[%emt 0:00:05]} Rxf3 {[%emt 0:09:19]} 18. gxf3 {[%emt 0:01:25]} e5 {[%emt 0:00:06]} 19. Kg2 {[%emt 0:17:36]} exd4 {[%emt 0:04:13]} 20. cxd4 {[%emt 0:00:06]} Rf8 {[%emt 0:00:07]} 21. Bh6 {[%emt 0:14:13]} Bxh6 {[%emt 0:11:14]} 22. Qxh6 {[%emt 0:00:06]} Nxd4 {[%emt 0:00:04]} 23. Rad1 {[%emt 0:05:42]} Ne6 {[%emt 0:00:13]} 24. Re4 {[%emt 0:01:40]} Rf7 {[%emt 0:21:58]} 25. Rh4 {[%emt 0:09:11]} Qc7 {[%emt 0:01:04]} 26. Rxd5 {[%emt 0:05:26]} Nf4+ {[%emt 0:00:05]} 27. Rxf4 {[%emt 0:00:05]} Rxf4 {[%emt 0:00:04]} 28. Rd8+ {[%emt 0:01:59]} Qxd8 {[%emt 0:00:14]} 29. Qxf4 {[%emt 0:00:02]} b6 {[%emt 0:05:03]} 30. Qe4 {[%emt 0:00:45]} Kf8 {[%emt 0:00:37]} 31. Qf4+ {[%emt 0:00:19]} Kg8 {[%emt 0:00:03]} 32. Qe4 {[%emt 0:00:06]} a5 {[%emt 0:00:33]} 33. Qe6+ {[%emt 0:00:03]} Kf8 {[%emt 0:00:07]} 34. Qe5 {[%emt 0:00:10]} Kg8 {[%emt 0:00:07]} 35. Qe6+ {[%emt 0:00:04]} Kf8 {[%emt 0:00:04]} 36. Qe5 {[%emt 0:00:04]} Kf7 {[%emt 0:02:02]} 37. Qf4+ {[%emt 0:00:26]} Kg8 {[%emt 0:02:02]} 38. Qc4+ {[%emt 0:00:08]} Kf8 {[%emt 0:00:04]} 39. Qf4+ {[%emt 0:01:13]} Ke8 {[%emt 0:01:03]} 40. Qh4 {[%emt 0:00:00]} h5 {[%emt 0:00:00]} 41. Qc4 {[%emt 0:02:09]} Qd6 {[%emt 0:02:24]} 42. Qc8+ {[%emt 0:00:28]} Kf7 {[%emt 0:00:08]} 43. Qc4+ {[%emt 0:00:03]} Qe6 {[%emt 0:00:46]} 44. Qf4+ {[%emt 0:00:06]} Kg8 {[%emt 0:00:53]} 45. a4 {[%emt 0:00:17]} Qd6 {[%emt 0:01:11]} 46. Qc4+ {[%emt 0:00:07]} Kg7 {[%emt 0:02:39]} 47. Qc3+ {[%emt 0:01:05]} Kf7 {[%emt 0:00:10]} 48. Qc4+ {[%emt 0:00:15]} Kf6 {[%emt 0:00:13]} 49. Qc3+ {[%emt 0:00:55]} Ke6 {[%emt 0:00:05]} 50. Qc8+ {[%emt 0:00:59]} Kd5 {[%emt 0:00:22]} 51. Qc2 {[%emt 0:00:07]} Qf6 {[%emt 0:02:53]} 52. Qb3+ {[%emt 0:00:21]} Kc5 {[%emt 0:00:58]} 53. Qb5+ {[%emt 0:00:20]} Kd4 {[%emt 0:00:12]} 54. Kg1 {[%emt 0:01:29]} Kc3 {[%emt 0:00:36]} 55. Kg2 {[%emt 0:00:08]} Qd6 {[%emt 0:01:52]} 56. Qb1 {[%emt 0:01:43]} Qf6 {[%emt 0:10:45]} 57. Qb5 {[%emt 0:00:25]} Kc2 {[%emt 0:00:12]} 58. Kg3 {[%emt 0:05:17]} Qd6+ {[%emt 0:00:07]} 59. Kg2 {[%emt 0:00:13]} Qc5 {[%emt 0:00:52]} 60. Qe2+ {[%emt 0:00:12]} Kb3 {[%emt 0:01:49]} 61. Qe4 {[%emt 0:00:44]} Qg5+ {[%emt 0:02:19]} 62. Kh2 {[%emt 0:00:05]} Qf6 {[%emt 0:01:01]} 63. Kg2 {[%emt 0:00:18]} Qd6 {[%emt 0:00:34]} 64. Kh1 {[%emt 0:00:31]} Qf6 {[%emt 0:03:19]} 65. Kg2 {[%emt 0:00:05]} g5 {[%emt 0:01:08]} 66. Kg1 {[%emt 0:02:25]} h4 {[%emt 0:00:06]} 67. Kg2 {[%emt 0:00:08]} Ka3 {[%emt 0:02:21]} 68. Qc4 {[%emt 0:04:41]} Qd6 {[%emt 0:00:15]} 69. Qe4 {[%emt 0:00:38]} Qc5 {[%emt 0:00:11]} 70. Qg4 {[%emt 0:01:06]} Kb3 {[%emt 0:00:04]} 71. Qe4 {[%emt 0:00:19]} e6 {[%emt 0:03:07]} 72. Kg1 {[%emt 0:01:45]} Qd6 {[%emt 0:00:29]} 73. Kg2 {[%emt 0:00:29]} Ka3 {[%emt 0:00:11]} 74. Qc2 {[%emt 0:01:34]} Qd5 {[%emt 0:01:36]} 75. Qb1 {[%emt 0:00:37]} Qd4 {[%emt 0:00:08]} 76. Qc2 {[%emt 0:01:00]} Kb4 {[%emt 0:00:43]} 77. Qa2 {[%emt 0:02:31]} Qc5 {[%emt 0:00:47]} 78. Qa1 {[%emt 0:00:10]} Kb3 {[%emt 0:01:44]} 79. Qd1+ {[%emt 0:00:06]} Qc2 {[%emt 0:00:15]} 80. Qd7 {[%emt 0:00:31]} Qc5 {[%emt 0:00:30]} 81. Qd1+ {[%emt 0:00:02]} Kb4 {[%emt 0:01:04]} 82. Qa1 {[%emt 0:01:09]} Qc6 {[%emt 0:00:24]} 83. Qd1 {[%emt 0:00:15]} Qc5 {[%emt 0:00:39]} 84. Qa1 {[%emt 0:00:15]} Qd6 {[%emt 0:00:03]} 85. Qa2 {[%emt 0:00:40]} Qd4 {[%emt 0:01:07]} 86. Qc2 {[%emt 0:00:25]} Qc4 {[%emt 0:00:40]} 87. Qd1 {[%emt 0:00:18]} Qb3 {[%emt 0:00:38]} 88. Qd4+ {[%emt 0:02:00]} Ka3 {[%emt 0:00:03]} 89. Qa1+ {[%emt 0:00:09]} Qa2 {[%emt 0:00:13]} 90. Qd4 {[%emt 0:00:11]} Qb2 {[%emt 0:00:02]} 91. Qd1 {[%emt 0:00:51]} e5 {[%emt 0:01:24]} 92. Qd7 {[%emt 0:01:02]} Qd4 {[%emt 0:00:20]} 93. Qc6 {[%emt 0:01:30]} Qc5 {[%emt 0:00:04]} 94. Qe4 {[%emt 0:00:04]} Kb3 {[%emt 0:00:03]} 95. Kg1 {[%emt 0:00:34]} Kb2 {[%emt 0:00:44]} 96. Kg2 {[%emt 0:00:47]} Ka3 {[%emt 0:00:03]} 97. Kg1 {[%emt 0:00:19]} Qd4 {[%emt 0:00:48]} 98. Qc6 {[%emt 0:00:14]} Qc5 {[%emt 0:02:07]} 99. Qe4 {[%emt 0:00:13]} Qc1+ {[%emt 0:00:08]} 100. Kg2 {[%emt 0:00:06]} Qf4 {[%emt 0:00:06]} 101. Qc6 {[%emt 0:01:01]} Qb4 {[%emt 0:00:20]} 102. Kg1 {[%emt 0:00:55]} Qd4 {[%emt 0:01:02]} 103. Kg2 {[%emt 0:00:42]} Kb3 {[%emt 0:00:09]} 104. Kg1 {[%emt 0:00:14]} Qc5 {[%emt 0:00:27]} 105. Qd7 {[%emt 0:01:05]} Qc4 {[%emt 0:01:11]} 106. Qd6 {[%emt 0:01:37]} Kxa4 {[%emt 0:00:13]} 107. Qxb6 {[%emt 0:00:05]} Qd4 {[%emt 0:00:11]} 108. Qb1 {[%emt 0:00:28]} Ka3 {[%emt 0:00:38]} 109. Qc1+ {[%emt 0:00:09]} Ka2 {[%emt 0:00:33]} 110. Qc2+ {[%emt 0:00:07]} Ka3 {[%emt 0:00:06]} 111. Qc1+ {[%emt 0:00:06]} Kb4 {[%emt 0:00:13]} 112. Qb1+ {[%emt 0:00:31]} Kc5 {[%emt 0:00:03]} 113. Qc1+ {[%emt 0:00:43]} Kd5 {[%emt 0:00:12]} 114. Qxg5 {[%emt 0:00:12]} a4 {[%emt 0:00:03]} 115. Qg8+ {[%emt 0:02:21]} Kc5 {[%emt 0:00:05]} 116. Qa2 {[%emt 0:00:29]} Qd1+ {[%emt 0:01:48]} 117. Kg2 {[%emt 0:00:04]} Qb3 {[%emt 0:00:02]} 118. Qe2 {[%emt 0:00:09]} Qc3 {[%emt 0:00:12]} 119. f4 {[%emt 0:06:23]} exf4 {[%emt 0:01:05]} 120. Qe7+ {[%emt 0:00:05]} Kb5 {[%emt 0:00:54]} 121. Qb7+ {[%emt 0:01:32]} Kc4 {[%emt 0:00:05]} 122. Qf7+ {[%emt 0:00:11]} Kb5 {[%emt 0:00:21]} 123. Qb7+ {[%emt 0:01:15]} Ka5 {[%emt 0:00:07]} 124. Qa8+ {[%emt 0:00:48]} Kb4 {[%emt 0:00:32]} 125. Qb8+ {[%emt 0:00:35]} Ka3 {[%emt 0:02:04]} 126. Qxf4 {[%emt 0:00:13]} Kb3 {[%emt 0:00:32]} 127. Qf7+ {[%emt 0:03:33]} Qc4 {[%emt 0:00:06]} 128. Qf3+ {[%emt 0:01:34]} Kc2 {[%emt 0:00:13]} 129. Qa3 {[%emt 0:01:15]} Qe4+ {[%emt 0:00:36]} 130. Kh2 {[%emt 0:00:23]} Kb1 {[%emt 0:00:09]} 131. Qc3 {[%emt 0:01:35]} Qc2 {[%emt 0:00:28]} 132. Qb4+ {[%emt 0:00:08]} Ka2 {[%emt 0:00:21]} 133. Qxh4 {[%emt 0:00:49]} a3 {[%emt 0:00:03]} 134. Qd4 {[%emt 0:01:21]} Kb3 {[%emt 0:00:40]} 135. Qd5+ {[%emt 0:01:19]} Qc4 {[%emt 0:00:23]} 136. Qd1+ {[%emt 0:00:06]} Kc3 {[%emt 0:00:31]} 137. Qa1+ {[%emt 0:00:33]} Kb4 {[%emt 0:00:10]} 138. Qe1+ {[%emt 0:00:51]} Kb5 {[%emt 0:00:28]} 139. Qe8+ {[%emt 0:02:09]} Ka5 {[%emt 0:01:21]} 140. Qe1+ {[%emt 0:00:06]} Ka6 {[%emt 0:00:58]} 141. Kg3 {[%emt 0:01:51]} a2 {[%emt 0:00:49]} 142. f4 {[%emt 0:00:12]} Qd3+ {[%emt 0:00:45]} 143. Kg4 {[%emt 0:01:19]} Qd7+ {[%emt 0:00:56]} 144. f5 {[%emt 0:00:48]} Qg7+ {[%emt 0:00:05]} 145. Kh5 {[%emt 0:00:07]} Qh7+ {[%emt 0:00:02]} 146. Kg5 {[%emt 0:00:09]} Qg7+ {[%emt 0:00:03]} 147. Kh5 {[%emt 0:00:06]} a1=Q {[%emt 0:00:06]} 148. Qxa1+ {[%emt 0:00:05]} Qxa1 {[%emt 0:00:05]} 149. Kg6 {[%emt 0:00:03]} Qg1+ {[%emt 0:00:11]} 150. Kf7 {[%emt 0:00:05]} Qf1 {[%emt 0:00:09]} 151. f6 {[%emt 0:00:05]} Qxh3 {[%emt 0:00:03]} 152. Kg8 {[%emt 0:00:18]} Qg4+ {[%emt 0:00:12]} 153. Kf8 {[%emt 0:00:06]} Qb4+ {[%emt 0:00:37]} 154. Kg7 {[%emt 0:00:11]} Qd4 {[%emt 0:00:02]} 155. Kg6 {[%emt 0:00:18]} Qg4+ {[%emt 0:00:05]} 156. Kh7 {[%emt 0:00:07]} Qf5+ {[%emt 0:00:06]} 157. Kg7 {[%emt 0:00:03]} Qg5+ {[%emt 0:00:05]} 158. Kf7 {[%emt 0:00:12]} Kb6 {[%emt 0:00:05]} 159. Ke6 {[%emt 0:00:07]} Qe3+ {[%emt 0:00:03]} 160. Kf7 {[%emt 0:00:16]} Kc6 {[%emt 0:00:06]} 0-1

[Event "EYCC Open-U16 2019"]
[Site "Bratislava"]
[Date "2019.08.07"]
[Round "6.17"]
[White "Sorensen, Hampus"]
[Black "Niedbala, Bartlomiej"]
[Result "1/2-1/2"]
[WhiteElo "2352"]
[BlackElo "2152"]
[Annotator "NA"]
[PlyCount "115"]
[EventDate "2019.08.02"]
[EventType "swiss"]
[EventCountry "SVK"]
[SourceTitle "playchess.com"]
[Source "ChessBase"]
[SourceQuality "1"]
[TimeControl "40/5400+30:1800+30"]

1. Nf3 {[%emt 0:00:00]} f5 {[%emt 0:01:40]} 2. d3 {[%emt 0:00:14]} Nc6 {[%emt 0:00:04]} 3. d4 {[%emt 0:01:57]} e6 {[%emt 0:01:01]} 4. g3 {[%emt 0:02:11]} Nf6 {[%emt 0:00:30]} 5. Bg2 {[%emt 0:00:13]} d6 {[%emt 0:07:05]} 6. O-O {[%emt 0:01:20]} Be7 {[%emt 0:01:31]} 7. c4 {[%emt 0:01:09]} O-O {[%emt 0:15:17]} 8. d5 {[%emt 0:01:11]} Ne5 {[%emt 0:01:28]} 9. Qb3 {[%emt 0:01:28]} Nxf3+ {[%emt 0:01:52]} 10. exf3 {[%emt 0:00:18]} e5 {[%emt 0:04:46]} 11. f4 {[%emt 0:00:14]} Kh8 {[%emt 0:04:16]} 12. Nc3 {[%emt 0:06:01]} Nd7 {[%emt 0:06:03]} 13. Qc2 {[%emt 0:05:08]} exf4 {[%emt 0:10:15]} 14. gxf4 {[%emt 0:03:13]} Bf6 {[%emt 0:06:13]} 15. Be3 {[%emt 0:05:26]} Nc5 {[%emt 0:02:00]} 16. Rae1 {[%emt 0:06:44]} a5 {[%emt 0:04:01]} 17. Nb5 {[%emt 0:03:37]} Bd7 {[%emt 0:01:40]} 18. Nd4 {[%emt 0:00:12]} Bxd4 {[%emt 0:04:41]} 19. Bxd4 {[%emt 0:00:18]} b6 {[%emt 0:00:03]} 20. b3 {[%emt 0:13:10]} Qh4 {[%emt 0:00:16]} 21. Qc3 {[%emt 0:01:35]} Rf7 {[%emt 0:00:17]} 22. Qg3 {[%emt 0:00:29]} Qxg3 {[%emt 0:00:52]} 23. hxg3 {[%emt 0:00:02]} Kg8 {[%emt 0:00:54]} 24. Rb1 {[%emt 0:02:53]} Re7 {[%emt 0:02:10]} 25. Bf3 {[%emt 0:01:20]} Kf7 {[%emt 0:03:00]} 26. Rfd1 {[%emt 0:04:53]} g6 {[%emt 0:04:41]} 27. a3 {[%emt 0:02:56]} Ne4 {[%emt 0:01:36]} 28. Kg2 {[%emt 0:01:57]} h5 {[%emt 0:00:24]} 29. Rb2 {[%emt 0:00:42]} Ra7 {[%emt 0:03:20]} 30. Be2 {[%emt 0:20:42]} Ra8 {[%emt 0:01:37]} 31. f3 {[%emt 0:00:31]} Nf6 {[%emt 0:04:09]} 32. Kf2 {[%emt 0:04:27]} Ree8 {[%emt 0:01:48]} 33. Bd3 {[%emt 0:03:07]} Rh8 {[%emt 0:01:36]} 34. Rh1 {[%emt 0:01:32]} Rhe8 {[%emt 0:00:01]} 35. Re2 {[%emt 0:00:25]} Rxe2+ {[%emt 0:04:43]} 36. Bxe2 {[%emt 0:00:01]} Re8 {[%emt 0:00:20]} 37. Bd3 {[%emt 0:01:29]} Re7 {[%emt 0:00:34]} 38. b4 {[%emt 0:00:53]} axb4 {[%emt 0:01:15]} 39. axb4 {[%emt 0:00:01]} b5 {[%emt 0:00:58]} 40. Ra1 {[%emt 0:00:00]} bxc4 {[%emt 0:00:00]} 41. Bxc4 {[%emt 0:04:50]} h4 {[%emt 0:15:46]} 42. gxh4 {[%emt 0:01:12]} Nh5 {[%emt 0:01:24]} 43. Be3 {[%emt 0:01:46]} Be8 {[%emt 0:00:12]} 44. Bd2 {[%emt 0:04:43]} Nf6 {[%emt 0:05:09]} 45. Ra7 {[%emt 0:03:49]} Nd7 {[%emt 0:00:42]} 46. Rxc7 {[%emt 0:10:38]} Nb6 {[%emt 0:00:10]} 47. Rxe7+ {[%emt 0:00:12]} Kxe7 {[%emt 0:00:02]} 48. Bd3 {[%emt 0:00:17]} Bd7 {[%emt 0:01:03]} 49. Ke3 {[%emt 0:00:42]} Nxd5+ {[%emt 0:00:03]} 50. Kd4 {[%emt 0:00:07]} Nc7 {[%emt 0:00:06]} 51. Bc4 {[%emt 0:02:21]} Bc6 {[%emt 0:00:53]} 52. Be3 {[%emt 0:01:38]} Bd7 {[%emt 0:06:22]} 53. Kd3 {[%emt 0:02:03]} Bc6 {[%emt 0:02:23]} 54. Bb6 {[%emt 0:02:03]} Nb5 {[%emt 0:01:01]} 55. Kd2 {[%emt 0:00:51]} Na3 {[%emt 0:00:53]} 56. Be2 {[%emt 0:00:52]} Bb5 {[%emt 0:00:29]} 57. Bxb5 {[%emt 0:02:19]} Nxb5 {[%emt 0:00:02]} 58. Kd3 {[%emt 0:00:12]} 1/2-1/2

[Event "EYCC Open-U16 2019"]
[Site "Bratislava"]
[Date "2019.08.07"]
[Round "6.18"]
[White "Degraeve, Remy"]
[Black "Melaa, Sondre"]
[Result "1-0"]
[WhiteElo "2349"]
[BlackElo "2118"]
[Annotator "NA"]
[PlyCount "83"]
[EventDate "2019.08.02"]
[EventType "swiss"]
[EventCountry "SVK"]
[SourceTitle "playchess.com"]
[Source "ChessBase"]
[SourceQuality "1"]
[TimeControl "40/5400+30:1800+30"]

1. e4 {[%emt 0:00:00]} e5 {[%emt 0:00:00]} 2. Nf3 {[%emt 0:00:00]} Nc6 {[%emt 0:00:07]} 3. Bb5 {[%emt 0:00:00]} a6 {[%emt 0:00:38]} 4. Bxc6 {[%emt 0:00:00]} dxc6 {[%emt 0:00:22]} 5. O-O {[%emt 0:00:00]} Bg4 {[%emt 0:01:08]} 6. h3 {[%emt 0:00:03]} h5 {[%emt 0:00:14]} 7. d3 {[%emt 0:00:03]} Qf6 {[%emt 0:01:09]} 8. Nbd2 {[%emt 0:00:03]} g5 {[%emt 0:01:23]} 9. b3 {[%emt 0:00:05]} Qg7 {[%emt 0:04:13]} 10. Nc4 {[%emt 0:00:35]} f6 {[%emt 0:12:44]} 11. hxg4 {[%emt 0:00:05]} hxg4 {[%emt 0:00:17]} 12. Nxg5 {[%emt 0:00:03]} Qh6 {[%emt 0:29:24]} 13. Nh3 {[%emt 0:00:04]} Qh4 {[%emt 0:00:09]} 14. Kh2 {[%emt 0:02:46]} O-O-O {[%emt 0:03:35]} 15. Qe1 {[%emt 0:02:10]} Bc5 {[%emt 0:07:29]} 16. Be3 {[%emt 0:03:13]} Bxe3 {[%emt 0:01:49]} 17. Nxe3 {[%emt 0:02:29]} Ne7 {[%emt 0:02:02]} 18. f3 {[%emt 0:01:55]} gxh3 {[%emt 0:01:33]} 19. Qxh4 {[%emt 0:00:42]} Rxh4 {[%emt 0:00:16]} 20. g3 {[%emt 0:00:13]} Rh7 {[%emt 0:01:08]} 21. Ng4 {[%emt 0:00:38]} Rf8 {[%emt 0:00:58]} 22. Rg1 {[%emt 0:17:41]} Kd7 {[%emt 0:08:49]} 23. Raf1 {[%emt 0:00:26]} Ke6 {[%emt 0:01:36]} 24. f4 {[%emt 0:01:26]} Rg7 {[%emt 0:01:54]} 25. f5+ {[%emt 0:00:59]} Kd6 {[%emt 0:00:21]} 26. Nf2 {[%emt 0:00:27]} c5 {[%emt 0:04:45]} 27. g4 {[%emt 0:01:46]} Nc6 {[%emt 0:01:26]} 28. c3 {[%emt 0:02:59]} b5 {[%emt 0:00:09]} 29. Rg3 {[%emt 0:04:32]} b4 {[%emt 0:06:24]} 30. Nd1 {[%emt 0:00:04]} a5 {[%emt 0:02:07]} 31. cxb4 {[%emt 0:03:14]} axb4 {[%emt 0:01:03]} 32. Ne3 {[%emt 0:00:04]} Nd4 {[%emt 0:02:27]} 33. Rxh3 {[%emt 0:01:44]} Ne2 {[%emt 0:01:07]} 34. Rh6 {[%emt 0:01:23]} Nf4 {[%emt 0:02:38]} 35. Kg3 {[%emt 0:00:07]} c6 {[%emt 0:00:19]} 36. Rxf4 {[%emt 0:01:25]} exf4+ {[%emt 0:00:16]} 37. Kxf4 {[%emt 0:00:06]} Ke7 {[%emt 0:00:37]} 38. e5 {[%emt 0:01:02]} Rgf7 {[%emt 0:00:56]} 39. Nc4 {[%emt 0:02:17]} Rg8 {[%emt 0:01:08]} 40. Nd6 {[%emt 0:00:00]} Rff8 {[%emt 0:00:00]} 41. Rh7+ {[%emt 0:01:36]} Kd8 {[%emt 0:01:09]} 42. e6 {[%emt 0:00:02]} 1-0